00393nam a2200145Ia 4500008004100000020003000041040002600071082001500097100003900112245003300151250001100184260003100195003000400226005001700230241127s9999||||xx |||||||||||||| ||und|| a9781416050247c251.8251.8 bengcSSK Libraryerda a617.96/NAG a John J. Nagelhout, Karen L. Plaus 0aHandbook Of Nurse Anesthesia a4th ed b Saunders Elsevierc©2010OSt20241127152903.0